000
00298nam a22001337a 4500
008
170911b xxu||||| |||| 00| 0 eng d
020
_a
9780030982378
041
_a
eng
080
_a
91
100
_a
42
101
_a
GJEO
245
_a
ESSENTIALS OF PHYSICAL GEOGRAPHY
_c
GABLER
942
_2
udc
_c
BK
999
_c
26951
_d
26951